000 01417nam a22003737a 4500
003 CHAP
005 20220329142141.0
008 000117d1999 mx r 00110 spa d
010 _a79250
011 _a80222
035 _a90669
040 _cCHAP
090 _aTesis
100 0 0 _aRivera Maya, Juan.
_997690
245 1 0 _aEvaluación de 25 tratamientos pregerminataivos en semillas de mezquite (Prosopis velutina Wooton) en área de influencia de la Uruza
_c/por Juan Rivera Maya
260 _aChapingo, Méx. :
_bEl autor,
_c1999.
300 _a44 h. :
_bgráfs. ; cuadros
502 _aTesis (Ing. Agr. Esp. en Sistemas Agrícolas de Zonas Aridas) -- UACH. Unidad Regional Universitaria de Zonas Aridas
590 _aALEPH
_b10
_c20130110
_lUCH01
_h1430
590 _aBATCH-UPD
_b10
_c20130110
_lUCH01
_h0321
590 _aBATCH-UPD
_b10
_c20130110
_lUCH01
_h2315
590 _aBATCH-UPD
_b10
_c20130410
_lUCH01
_h1606
590 _aBATCH-UPD
_b10
_c20130914
_lUCH01
_h1816
590 _aCONVERSION
_b10
_c20130109
_lUCH01
_h1344
650 1 4 _aMezquite
_xGerminación.
_975370
650 1 4 _aMezquite
_xSemilla.
_975377
650 1 4 _aMezquite
_zDurango.
_975379
901 _aBK
905 _aAlejandra Carrasco M.
942 _cFOLL
949 _bBC
_cTES
_d33724000745196
_eTS2
_fc.2
_h34826
_i90669
_sb
949 _bBC
_cTES
_d33724000745204
_eTS2
_fc.3
_h34827
_i90669
_si
949 _bBC
_cTES
_d90669
_eTS1
_h34825
_i90669
_sb
999 _c79250
_d79250